书目信息 |
| 题名: |
涉水光学
|
|
| 作者: | 李学龙 编著 | |
| 分册: | ||
| 出版信息: | 北京 科学出版社 2025.04 |
|
| 页数: | 267页, [16] 页图版 | |
| 开本: | 25cm | |
| 丛书名: | ||
| 单 册: | ||
| 中图分类: | O432 | |
| 科图分类: | ||
| 主题词: | 水下光源--shui xia guang yuan | |
| 电子资源: | ||
| ISBN: | 978-7-03-080968-1 | |
| 000 | 01079nam0 2200253 450 | |
| 001 | 92906 | |
| 005 | 20250818165842.37 | |
| 010 | @a978-7-03-080968-1@b精装@dCNY248.00 | |
| 100 | @a20250521d2025 em y0chiy50 ea | |
| 101 | 0 | @achi |
| 102 | @aCN@b110000 | |
| 105 | @aaf a 000yy | |
| 106 | @ar | |
| 200 | 1 | @a涉水光学@Ashe shui guang xue@f李学龙编著 |
| 210 | @a北京@c科学出版社@d2025.04 | |
| 215 | @a267页, [16] 页图版@c图 (部分彩图)@d25cm | |
| 314 | @a李学龙, 中国科学技术大学博士, 西北工业大学教授, 中国电信集团首席技术官、首席科学家、TeleAI (中国电信人工智能研究院) 院长, 陕西省临地安防学会理事长。多年从事成像、图像和噪声的理论和场景等研究。 | |
| 320 | @a有书目 | |
| 330 | @a本书首先介绍光与水的物质相互作用及跨介质传播 ; 其次, 介绍几何光学及成像定律 ; 再次, 从光学成像的历史背景出发, 详细阐述涉水光学数据获取, 涉水光学信息的传输与处理 ; 最后, 介绍涉水光学的典型应用场景 —— 水下安防。 | |
| 606 | 0 | @a水下光源@Ashui xia guang yuan |
| 690 | @aO432@v5 | |
| 701 | 0 | @a李学龙@Ali xue long@4编著 |
| 801 | 0 | @aCN@c20250909 |
| 905 | @a河南城建学院图书馆@dO432@eL300@f1 | |
| 涉水光学/李学龙编著.-北京:科学出版社,2025.04 |
| 267页, [16] 页图版:图 (部分彩图);25cm |
| ISBN 978-7-03-080968-1(精装):CNY248.00 |
| 本书首先介绍光与水的物质相互作用及跨介质传播 ; 其次, 介绍几何光学及成像定律 ; 再次, 从光学成像的历史背景出发, 详细阐述涉水光学数据获取, 涉水光学信息的传输与处理 ; 最后, 介绍涉水光学的典型应用场景 —— 水下安防。 |
| ● |
| 相关链接 |
|
|
|
正题名:涉水光学
索取号:O432/L300
 
预约/预借
| 序号 | 登录号 | 条形码 | 馆藏地/架位号 | 状态 | 备注 |
| 1 | 1626864 | 216268642 | 自科库401/401自科库 58排1列4层/ [索取号:O432/L300] | 在馆 |